Amino Acids by 3-letter Codes - Statistics

General Stats
  • This quiz has been taken 1,219 times
  • The average score is 18 of 20
Answer Stats
Hint Answer % Correct
Ala Alanine
99%
Tyr Tyrosine
96%
Gly Glycine
95%
Leu Leucine
95%
Pro Proline
95%
Ser Serine
95%
Val Valine
95%
Lys Lysine
94%
Arg Arginine
93%
Cys Cysteine
93%
Gln Glutamine
93%
Trp Tryptophan
93%
His Histidine
92%
Glu Glutamate
90%
Met Methionine
90%
Ile Isoleucine
89%
Phe Phenylalanine
88%
Thr Threonine
88%
Asp Aspartate
87%
Asn Asparagine
83%
No matching quizzes found
Score Distribution
Percent of People with Each Score
Percentile by Number Answered
Your Score History
You have not taken this quiz